000 00720nam a2200193 4500
999 _c16307
_d16307
008 211116b ||||| |||| 00| 0 eng d
022 _a0732-8435
082 _aDPer 657.05 C33 Apr - Sept 2016, v86 n4-9
100 _aDelgado, Eddie.
_943680
245 _aCalifornia multitiered partnerships:
_ban overview of a complex area/
_cEddie Delgado, Krista Schipp and Corey Rosenthal.
260 _aNew York:
_bThe New York State Society of CPA,
_c©2016.
300 _av86 n7, pages 68-69:
_billustrations;
_c28 cm.
500 _aThe CPA Journal
650 _aPartnership.
_92859
650 _aJoint ventures.
_943681
700 _aSchipp, K.
_eAuthor.
_943682
700 _aRosenthal, C.
_eAuthor.
_943683
942 _2ddc
_cPER